[Event "SEMI B038 email"]
[Site "SEMI email"]
[Date "2003.12.15"]
[Round "?"]
[White "De Regibus, Angelo"]
[Black "Marino, Marco"]
[Result "1-0"]
[WhiteElo "1500"]
[BlackElo "1737"]
[PlyCount "45"]
[EventDate "2003.12.15"]
[EventType "tourn (corr)"]
[EventRounds "6"]
[EventCountry "ITA"]
[SourceTitle "Corr 2008"]
[Source "ChessBase"]
[SourceDate "2008.06.24"]
[SourceVersion "1"]
[SourceVersionDate "2008.06.24"]
[SourceQuality "1"]

1. e4 c5 2. Nc3 Nc6 3. g3 e6 4. Bg2 Nf6 5. Nge2 d5 6. exd5 exd5 7. d3 h6 8. 0-0 Be7 9. Re1 0-0 10. Nf4 Bg4 11. Qd2 d4 12. Ne4 Nxe4 13. Bxe4 Ne5 14. Bxb7 Nf3+ 15. Bxf3 Bxf3 16. c3 Qd7 17. c4 g5 18. h4 Rfe8 19. Kh2 Bd6 20. Ng2 Qg4 21. Re4 Bxe4 22. dxe4 Rxe4 23. Qd3 1-0